| 000 | 00387pab a2200145 454500 | ||
|---|---|---|---|
| 008 | 180718b2002 xxu||||| |||| 00| 0 eng d | ||
| 100 | _aMashelkar, R.A. | ||
| 245 | _aIntellectual property rights and the Third World | ||
| 260 | _c2002 | ||
| 300 | _ap.308-23. | ||
| 362 | _aJul | ||
| 650 | _aIntellectual property | ||
| 773 | _aJournal of Intellectual Property Rights | ||
| 909 | _a53057 | ||
| 999 |
_c53057 _d53057 |
||